000 00522nam a2200133Ia 4500
005 20260209120153.0
008 260209s9999||||xx |||||||||||||| ||und||
100 _aLida Lalrammawii
245 0 _aAccountability before arbitration : examining investor breaches of human rights in ISDS jurisprudence
260 _aBangaloreBangalore
_bNLSIU, Bangalore
_c2024 - 2025
300 _a33 p. ; 25 cm.
700 _aMs. Ronjini Ray - SupervisorMs. Ronjini Ray - Supervisor
856 _uhttps://dans.nls.ac.in/handle/123456789/2507
999 _c217799
_d217799